000 00337nam a2200145Ia 4500
003 OSt
005 20240309123810.0
008 170524s9999 xx 000 0 und d
020 _a9332542228
040 _cIIMT UNIVERSITY
100 _aROBBINS- SP
245 0 _aORAGANIZATION BEHAVIOUR
260 _bHIMALYA PUB. HOUSE
942 _2ddc
_c02
999 _c8022
_d8022